=LDR 00000nam 2200000 4500 =001 INLIS000000000041992 =005 20130612151508 =008 ***********************************ind** =035 ##$$0010-061300000041992 =041 ##$$a ind =082 ##$$a 530.7 =090 ##$$a 530.7, Sri f =100 ##$$a Sri Handayani =245 ##$$a Fisika untuk SMA dan MA kelas Xi, Sri handayani, Ari damari =260 ##$$a 2009 $b Jakarta =300 ##$$a ...Jil., Ilus., 25 cm =650 ##$$a FISIKA STUDI DAN PENGAJARAN =700 ##$$a Ari Damari =850 ##$$a NBPNMAT